Statistics for Road cycling UCI élite world champions (men)

Click here to take the quiz!

General Stats

  • This quiz has been taken 12 times
    (5 since last reset)
  • The average score is 28 of 90

Answer Stats

World championshipcyclist% Correct
2021 - Flanders, BelgiumJulian Alaphilippe (FRA)
100%
2020 - Imola, ItalyJulian Alaphilippe (FRA)
100%
2018 - Innsbruck, AustriaAlejandro Valverde Belmonte (ESP)
80%
2009 - Mendrisio, SwitzerlandCadel Evans (AUS)
80%
1967 - Heerlen, NetherlandsEddy Merckx (BEL)
80%
1974 - Montreal, CanadaEddy Merckx (BEL)
80%
1971 - Mendrisio, SwitzerlandEddy Merckx (BEL)
80%
1993 - Oslo, NorwayLance Armstrong (USA)
80%
2023 - Glasgow, ScotlandMathieu van der Poel (NLD)
80%
2017 - Bergen, NorwayPeter Sagan (SVK)
80%
2016 - Doha, QatarPeter Sagan (SVK)
80%
2015 - Richmond, United StatesPeter Sagan (SVK)
80%
2005 - Madrid, SpainTom Boonen (BEL)
80%
2008 - Varese, ItalyAlessandro Ballan (ITA)
60%
1927 - Nürburgring, GermanyAlfredo Binda (ITA)
60%
1932 - Rome, ItalyAlfredo Binda (ITA)
60%
1931 - Copenhagen, DenmarkAlfredo Binda (ITA)
60%
1930 - Liège, BelgiumAlfredo Binda (ITA)
60%
1980 - Sallanches, FranceBernard Hinault (FRA)
60%
1953 - Lugano, SwitzerlandFausto Coppi (ITA)
60%
2019 - Harrogate, United KingdomMads Pedersen (DNK)
60%
2011 - Copenhagen, DenmarkMark Cavendish (GBR)
60%
2014 - Ponferrada, SpainMichał Kwiatkowski (POL)
60%
2012 - Valkenburg, NetherlandsPhilippe Gilbert (BEL)
60%
2022 - Wollongong, AustraliaRemco Evenepoel (BEL)
60%
2013 - Florence, ItalyRui Costa (POR)
60%
2010 - Geelong, AustraliaThor Hushovd (NOR)
60%
1977 - San Cristóbal, VenezuelaFrancesco Moser (ITA)
40%
1983 - Altenrhein, SwitzerlandGreg LeMond (USA)
40%
1989 - Chambéry, FranceGreg LeMond (USA)
40%
1997 - San Sebastián, SpainLaurent Brochard (FRA)
40%
2002 - Zolder, BelgiumMario Cipollini (ITA)
40%
2007 - Stuttgart, GermanyPaolo Bettini (ITA)
40%
2006 - Salzburg, AustriaPaolo Bettini (ITA)
40%
1987 - Villach, AustriaStephen Roche (IRL)
40%
1995 - Duitama, ColombiaAbraham Olano Manzano (ESP)
20%
1973 - Barcelona, SpainFelice Gimondi (ITA)
20%
1981 - Prague, CzechoslovakiaFreddy Maertens (BEL)
20%
1976 - Ostuni, ItalyFreddy Maertens (BEL)
20%
1933 - Montlhéry, FranceGeorges Speicher (FRA)
20%
1991 - Stuttgart, GermanyGianni Bugno (ITA)
20%
1992 - Benidorm, SpainGianni Bugno (ITA)
20%
1982 - Goodwood, United KingdomGiuseppe Saronni (ITA)
20%
1975 - Yvoir, BelgiumHennie Kuiper (NLD)
20%
1964 - Sallanches, FranceJan Janssen (NLD)
20%
1935 - Floreffe, BelgiumJean Aerts (BEL)
20%
1962 - Salò, ItalyJean Stablinski (FRA)
20%
1996 - Lugano, SwitzerlandJohan Museeuw (BEL)
20%
1954 - Sollingen, West GermanyLouison Bobet (FRA)
20%
1972 - Gap, FranceMarino Basso (ITA)
20%
1999 - Verona, ItalyÓscar Freire Gómez (ESP)
20%
2001 - Lisbon, PortugalÓscar Freire Gómez (ESP)
20%
2004 - Verona, ItalyÓscar Freire Gómez (ESP)
20%
1960 - Karl-Marx-Stadt, East GermanyRik Van Looy (BEL)
20%
1961 - Berne, SwitzerlandRik Van Looy (BEL)
20%
1949 - Copenhagen, DenmarkRik Van Steenbergen (BEL)
20%
1956 - Copenhagen, DenmarkRik Van Steenbergen (BEL)
20%
1957 - Waregem, BelgiumRik Van Steenbergen (BEL)
20%
1966 - Nürburgring, West GermanyRudi Altig (FRG)
20%
1955 - Frascati, ItalyStan Ockers (BEL)
20%
1968 - Imola, ItalyVittorio Adorni (ITA)
20%
1959 - Zandvoort, NetherlandsAndré Darrigade (FRA)
0%
1936 - Berne, SwitzerlandAntonin Magne (FRA)
0%
1963 - Ronse, BelgiumBenoni Beheyt (BEL)
0%
1948 - Valkenburg, NetherlandsBriek Schotte (BEL)
0%
1950 - Moorslede, BelgiumBriek Schotte (BEL)
0%
1984 - Barcelona, SpainClaude Criquielion (BEL)
0%
1937 - Copenhagen, DenmarkÉloi Meulenberg (BEL)
0%
1958 - Reims, FranceErcole Baldini (ITA)
0%
1951 - Varese, ItalyFerdinand Kübler (CHE)
0%
1929 - Zürich, SwitzerlandGeorges Ronsse (BEL)
0%
1928 - Budapest, HungaryGeorges Ronsse (BEL)
0%
1978 - Nürburgring, West GermanyGerrie Knetemann (NLD)
0%
1946 - Zürich, SwitzerlandHans Knecht (CHE)
0%
1969 - Zolder, BelgiumHarm Ottenbros (NLD)
0%
1952 - Luxembourg, LuxembourgHeinz Müller (FRG)
0%
2003 - Hamilton, CanadaIgor Astarloa Askasibar (ESP)
0%
1979 - Valkenburg, NetherlandsJan Raas (NLD)
0%
1970 - Leicester, United KingdomJean-Pierre Monseré (BEL)
0%
1985 - Giavera del Montello, ItalyJoop Zoetemelk (NLD)
0%
1934 - Liepzig, Nazi GermanyKarel Kaers (BEL)
0%
1994 - Agrigento, ItalyLuc Leblanc (FRA)
0%
1938 - Valkenburg, NetherlandsMarcel Kint (BEL)
0%
1988 - Ronse, BelgiumMaurizio Fondriest (ITA)
0%
1986 - Colorado Springs, United StatesMoreno Argentin (ITA)
0%
1998 - Valkenburg, NetherlandsOscar Camenzind (CHE)
0%
2000 - Plouay, FranceRomāns Vainšteins (LVA)
0%
1990 - Utsunomiya, JapanRudy Dhaenens (BEL)
0%
1947 - Reims, FranceTheo Middelkamp (NLD)
0%
1965 - San Sebastián, SpainTom Simpson (GBR)
0%

Score Distribution

Percentile by Number Answered

Percent of People with Each Score

Your Score History

You have not taken this quiz since the last reset